• 首页
  • 本馆介绍
  • 公告通知
  • 最新文献
  • 馆藏检索
  • 电子资源
  • 读者导购
  • 参考咨询
  • 我的图书馆
  • 登录
  • 详细信息显示
  • 放入我的书架
  • 预约/预借图书
  • 作者相关作品
  • 分类相关作品
  • 丛书相关作品
  • 出版社相关作品

书目信息

  • 表格格式
  • 工作单格式
  • 卡片格式
题名:
人所具有的我都具有
    
 
作者: 陈力丹 编著
分册:  
出版信息: 北京   中国人民大学出版社  2018
页数: 248页
开本: 25cm
丛书名:
单 册:
中图分类: A18
科图分类:
主题词: 马恩著作--ma en zhu zuo--语录
电子资源:
ISBN: 978-7-300-25704-4
000 01260nam0 2200265 450
001 012001009098
005 20140101103059.0
010    @a978-7-300-25704-4@b精装@dCNY69.80
099    @aCAL 012018072652
100    @a20180619d2018 em y0chiy50 ea
101 0  @achi
102    @aCN@b110000
105    @aa z 000yy
106    @ar
200 1  @a人所具有的我都具有@Aren suo ju you de wo dou ju you@e马克思恩格斯经典语录@d= Nothing human is alien to me@eMarx & Engels classic sayings@f陈力丹编著@zeng
210    @a北京@c中国人民大学出版社@d2018
215    @a248页@c图@d25cm
330    @a本书是目前可见的唯一一本通读马恩全集后摘选出的语录。语录展现的是作为青年、学生、丈夫、家长、朋友、居民、学者、长辈、思想家,总之作为普通人的马恩。这本书汇集了他们关于人生观各个方面的名言和极为精粹的哲理性论述,其中大部分对一般人来说是陌生的。作者对每则语录标注了卷次、页码,便于查找上下文,并对每一专题做了简要导读,对一些人物、术语做了注释。
510 1  @aNothing human is alien to me@eMarx & Engels classic sayings@zeng
517 1  @a马克思恩格斯经典语录@Ama ke si en ge si jing dian yu lu
606 0  @a马恩著作@Ama en zhu zuo@x语录
690    @aA18@v5
701  0 @a陈力丹@Achen li dan@4编著
801  2 @aCN@b上海新华@c20191020
905    @b1187004-7@dA18@e55@f4
    
    人所具有的我都具有:马克思恩格斯经典语录= Nothing human is alien to me:Marx & Engels classic sayings/陈力丹编著.-北京:中国人民大学出版社,2018
    248页:图;25cm
    
    
    ISBN 978-7-300-25704-4(精装):CNY69.80
    本书是目前可见的唯一一本通读马恩全集后摘选出的语录。语录展现的是作为青年、学生、丈夫、家长、朋友、居民、学者、长辈、思想家,总之作为普通人的马恩。这本书汇集了他们关于人生观各个方面的名言和极为精粹的哲理性论述,其中大部分对一般人来说是陌生的。作者对每则语录标注了卷次、页码,便于查找上下文,并对每一专题做了简要导读,对一些人物、术语做了注释。
●
相关链接 在E读中查询图书 在五车中查询图书 在当当中查询图书 在豆瓣中查询图书


正题名:人所具有的我都具有     索取号:A18/55         预约/预借

序号 登录号 条形码 馆藏地/架位号 状态 备注
1 1187004   211870046   第一样本阅览室/ [索取号:A18/55] 在馆    
2 1187005   211870055   第一借阅区/ [索取号:A18/55] 在馆    
3 1187006   211870064   第一借阅区/ [索取号:A18/55] 在馆    
4 1187007   211870073   第一借阅区/ [索取号:A18/55] 在馆    
唐山师范学院图书馆 欢迎您!
大连网信软件有限公司© 版权所有